[Event "RA-2022-0-00711"]
[Site "LSS email"]
[Date "2022.05.31"]
[Round "?"]
[White "Martin, Simone"]
[Black "Rasmussen, Bo"]
[Result "1-0"]
[WhiteElo "2178"]
[BlackElo "2107"]
[PlyCount "50"]
[EventDate "2022.03.20"]
[EventType "tourn (corr)"]
[EventRounds "6"]
[EventCountry "GER"]
[SourceTitle "Corr 2024"]
[Source "ChessBase"]
[SourceDate "2023.10.19"]
[SourceVersion "1"]
[SourceVersionDate "2023.10.19"]
[SourceQuality "1"]

1. d4 d5 2. c4 c6 3. Nf3 Nf6 4. Nc3 dxc4 5. a4 Bf5 6. e3 e6 7. Bxc4 Bb4 8. 0-0 0-0 9. Qe2 Bg6 10. Ne5 Nbd7 11. Nxg6 hxg6 12. Rd1 Qa5 13. Qc2 c5 14. Na2 cxd4 15. Nxb4 Qxb4 16. Rxd4 Rac8 17. Qe2 Qb6 18. a5 Qc7 19. a6 e5 20. axb7 exd4 21. bxc8Q Rxc8 22. b3 d3 23. Qxd3 Ne5 24. Qc2 Nxc4 25. Qxc4 Qxc4 1-0

[Event "LSS SA-2022-0-00799"]
[Site "LSS email"]
[Date "2022.05.13"]
[Round "?"]
[White "Rasmussen, Bo"]
[Black "Nucci, Luciano"]
[Result "1/2-1/2"]
[WhiteElo "2076"]
[BlackElo "2097"]
[PlyCount "35"]
[EventDate "2022.04.05"]
[EventType "tourn (corr)"]
[EventRounds "6"]
[EventCountry "GER"]
[SourceTitle "Corr 2024"]
[Source "ChessBase"]
[SourceDate "2023.10.19"]
[SourceVersion "1"]
[SourceVersionDate "2023.10.19"]
[SourceQuality "1"]

1. d4 d5 2. c4 c6 3. Nf3 Nf6 4. Nc3 dxc4 5. a4 Bf5 6. Ne5 Nbd7 7. Nxc4 Qc7 8. g3 e5 9. dxe5 Nxe5 10. Bf4 Nfd7 11. Bg2 g5 12. Ne3 gxf4 13. Nxf5 fxg3 14. hxg3 0-0-0 15. Qc2 Kb8 16. 0-0-0 Bb4 17. Kb1 Qa5 18. Rd4 1/2-1/2

[Event "LSS SA-2022-0-00797"]
[Site "LSS email"]
[Date "2022.05.02"]
[Round "?"]
[White "Rasmussen, Bo"]
[Black "Vodicka, Milan"]
[Result "1-0"]
[WhiteElo "2107"]
[BlackElo "1968"]
[PlyCount "63"]
[EventDate "2022.03.15"]
[EventType "tourn (corr)"]
[EventRounds "6"]
[EventCountry "GER"]
[SourceTitle "Corr 2024"]
[Source "ChessBase"]
[SourceDate "2023.10.19"]
[SourceVersion "1"]
[SourceVersionDate "2023.10.19"]
[SourceQuality "1"]

1. d4 d5 2. c4 c6 3. Nf3 Nf6 4. Nc3 e6 5. Bg5 h6 6. Bh4 dxc4 7. e4 b5 8. e5 g5 9. Nxg5 hxg5 10. Bxg5 Nbd7 11. exf6 Bb7 12. g3 Qb6 13. Bg2 0-0-0 14. 0-0 c5 15. d5 b4 16. Rb1 Qa6 17. dxe6 Bxg2 18. e7 Bxf1 19. Kxf1 Bxe7 20. fxe7 Rdg8 21. Ne4 c3+ 22. Kg1 Rxg5 23. Nxg5 Qg6 24. bxc3 Qxg5 25. Qe2 Qe5 26. Qa6+ Kb8 27. cxb4 cxb4 28. Qa3 Qc5 29. Qxb4+ Qxb4 30. Rxb4+ Kc7 31. Rf4 f6 32. Re4 1-0

[Event "LSS SA-2022-0-00796"]
[Site "LSS email"]
[Date "2022.04.30"]
[Round "?"]
[White "Rasmussen, Bo"]
[Black "Avellan, Gerardo"]
[Result "1/2-1/2"]
[WhiteElo "2107"]
[BlackElo "2055"]
[PlyCount "25"]
[EventDate "2022.03.01"]
[EventType "tourn (corr)"]
[EventRounds "6"]
[EventCountry "GER"]
[SourceTitle "Corr 2024"]
[Source "ChessBase"]
[SourceDate "2023.10.19"]
[SourceVersion "1"]
[SourceVersionDate "2023.10.19"]
[SourceQuality "1"]

1. d4 Nf6 2. c4 e6 3. Nf3 b6 4. a3 Bb7 5. Nc3 d5 6. cxd5 Nxd5 7. e3 Nxc3 8. bxc3 Be7 9. Bb5+ c6 10. Bd3 0-0 11. h4 c5 12. e4 Nd7 13. e5 1/2-1/2

[Event "LSS SA-2022-0-00796"]
[Site "LSS email"]
[Date "2022.04.28"]
[Round "?"]
[White "Salzmann, Stefan"]
[Black "Rasmussen, Bo"]
[Result "1-0"]
[WhiteElo "2115"]
[BlackElo "2107"]
[PlyCount "33"]
[EventDate "2022.03.01"]
[EventType "tourn (corr)"]
[EventRounds "6"]
[EventCountry "GER"]
[SourceTitle "Corr 2024"]
[Source "ChessBase"]
[SourceDate "2023.10.19"]
[SourceVersion "1"]
[SourceVersionDate "2023.10.19"]
[SourceQuality "1"]

1. e4 c5 2. Nf3 d6 3. d4 cxd4 4. Nxd4 Nf6 5. Nc3 a6 6. Bg5 e6 7. f4 b5 8. e5 dxe5 9. fxe5 Qc7 10. exf6 Qe5+ 11. Be2 Qxg5 12. 0-0 Ra7 13. Qd3 Rd7 14. Ne4 Qe5 15. Nf3 Qc7 16. Qe3 Bb7 17. a4 1-0

[Event "RA-2022-0-00709"]
[Site "LSS email"]
[Date "2022.04.07"]
[Round "?"]
[White "Rasmussen, Bo"]
[Black "Martin, Simone"]
[Result "1/2-1/2"]
[WhiteElo "2120"]
[BlackElo "2193"]
[PlyCount "63"]
[EventDate "2022.02.11"]
[EventType "tourn (corr)"]
[EventRounds "6"]
[EventCountry "GER"]
[SourceTitle "Corr 2024"]
[Source "ChessBase"]
[SourceDate "2023.10.19"]
[SourceVersion "1"]
[SourceVersionDate "2023.10.19"]
[SourceQuality "1"]

1. d4 d5 2. c4 c6 3. Nf3 Nf6 4. Nc3 dxc4 5. a4 Bf5 6. Ne5 Nbd7 7. Nxc4 Nb6 8. Ne5 a5 9. f3 Nfd7 10. Nxd7 Bxd7 11. e4 e6 12. Be3 Bb4 13. Be2 0-0 14. 0-0 Rc8 15. Rc1 h6 16. h3 c5 17. dxc5 Bxc5 18. Bxc5 Rxc5 19. Qd4 Rc8 20. b3 Bc6 21. Qe3 Nd7 22. Nb1 Qe7 23. Nd2 Ne5 24. f4 Ng6 25. Rc5 Bd7 26. Rxc8 Rxc8 27. Nc4 Qc5 28. Qxc5 Rxc5 29. Nd6 Rc2 30. Bd1 Rc7 31. Bh5 Kf8 32. Bxg6 1/2-1/2

[Event "OP-2022-0-05272"]
[Site "LSS email"]
[Date "2022.04.02"]
[Round "?"]
[White "Rasmussen, Bo"]
[Black "Owens, Johnny"]
[Result "1/2-1/2"]
[WhiteElo "2111"]
[BlackElo "1677"]
[PlyCount "49"]
[EventDate "2022.03.17"]
[EventType "tourn (corr)"]
[EventRounds "4"]
[EventCountry "GER"]
[SourceTitle "Corr 2024"]
[Source "ChessBase"]
[SourceDate "2023.10.19"]
[SourceVersion "1"]
[SourceVersionDate "2023.10.19"]
[SourceQuality "1"]

1. d4 e6 2. c4 Nf6 3. Nf3 Bb4+ 4. Nbd2 0-0 5. a3 Be7 6. e4 d6 7. e5 dxe5 8. dxe5 Nfd7 9. Ne4 Nc6 10. Bf4 f6 11. exf6 Nxf6 12. Qxd8 Bxd8 13. Nc3 e5 14. Bxe5 Nxe5 15. Nxe5 Re8 16. 0-0-0 c6 17. c5 Bc7 18. Bc4+ Kf8 19. f4 Bxe5 20. fxe5 Rxe5 21. Rhe1 Rxe1 22. Rxe1 Bf5 23. Rf1 Bg6 24. g4 h6 25. h4 1/2-1/2

[Event "OP-2022-0-05264"]
[Site "LSS email"]
[Date "2022.03.02"]
[Round "?"]
[White "Rasmussen, Bo"]
[Black "Molina, Vicente Andres"]
[Result "1-0"]
[WhiteElo "2110"]
[BlackElo "720"]
[PlyCount "73"]
[EventDate "2022.02.27"]
[EventType "tourn (corr)"]
[EventRounds "4"]
[EventCountry "GER"]
[SourceTitle "Corr 2024"]
[Source "ChessBase"]
[SourceDate "2023.10.19"]
[SourceVersion "1"]
[SourceVersionDate "2023.10.19"]
[SourceQuality "1"]

1. d4 Nf6 2. c4 c6 3. Nf3 d5 4. Nc3 Nbd7 5. cxd5 cxd5 6. Bf4 e6 7. e3 Bb4 8. Bd3 0-0 9. h3 Ne4 10. 0-0 Ndf6 11. Qb3 Bd6 12. Ne5 Nxc3 13. bxc3 Bxe5 14. Bxe5 Nd7 15. Bg3 Nf6 16. Rfb1 b6 17. a4 Bd7 18. a5 Ne4 19. Bxe4 dxe4 20. axb6 axb6 21. Rxa8 Qxa8 22. Qxb6 Qa2 23. Kh2 Ba4 24. Rb4 Bd1 25. c4 Bh5 26. Qc5 Bg6 27. Qc7 h6 28. c5 Qd5 29. c6 f5 30. Be5 Rf7 31. Rb8+ Kh7 32. Qxf7 Bxf7 33. c7 g5 34. c8Q Kg6 35. Qd8 Kh5 36. Qf6 Bg6 37. Rg8 1-0

[Event "LSS SA-2022-0-00792"]
[Site "LSS email"]
[Date "2022.02.22"]
[Round "?"]
[White "Rasmussen, Bo"]
[Black "Martin, Simone"]
[Result "1/2-1/2"]
[WhiteElo "2105"]
[BlackElo "2144"]
[PlyCount "70"]
[EventDate "2022.02.05"]
[EventType "tourn (corr)"]
[EventRounds "6"]
[EventCountry "GER"]
[SourceTitle "Corr 2024"]
[Source "ChessBase"]
[SourceDate "2023.10.19"]
[SourceVersion "1"]
[SourceVersionDate "2023.10.19"]
[SourceQuality "1"]

1. d4 Nf6 2. c4 g6 3. Nc3 d5 4. Bf4 Bg7 5. e3 c5 6. dxc5 Qa5 7. Rc1 dxc4 8. Bxc4 0-0 9. Nf3 Qxc5 10. Bb3 Qa5 11. 0-0 Nc6 12. h3 Bf5 13. Qe2 Ne4 14. Rfd1 Nxc3 15. bxc3 Rad8 16. Nd4 Bd7 17. e4 e5 18. Nxc6 Bxc6 19. Bd2 Rd6 20. Rb1 Rfd8 21. Bg5 Bf6 22. Bxf6 Rxf6 23. Rxd8+ Qxd8 24. Rd1 Qa5 25. Qe3 Kg7 26. Kh2 h5 27. f3 Qa3 28. Rd3 Rd6 29. Rxd6 Qxd6 30. Qxa7 Qd2 31. Qc5 Qf4+ 32. Kh1 g5 33. Qe7 Qc1+ 34. Kh2 Qf4+ 35. Kh1 Qc1+ 1/2-1/2

[Event "OP-2022-0-05259"]
[Site "LSS email"]
[Date "2022.02.19"]
[Round "?"]
[White "Wiaderek, Piotr"]
[Black "Rasmussen, Bo"]
[Result "1/2-1/2"]
[WhiteElo "1968"]
[BlackElo "2110"]
[PlyCount "57"]
[EventDate "2022.02.19"]
[EventType "tourn (corr)"]
[EventRounds "4"]
[EventCountry "GER"]
[SourceTitle "Corr 2024"]
[Source "ChessBase"]
[SourceDate "2023.10.19"]
[SourceVersion "1"]
[SourceVersionDate "2023.10.19"]
[SourceQuality "1"]

1. d4 Nf6 2. c4 g6 3. f3 d6 4. e4 Bg7 5. Nc3 0-0 6. Be3 c5 7. Nge2 b6 8. d5 e6 9. Nf4 exd5 10. Ncxd5 Nc6 11. Nc3 Nd4 12. Qd2 Nd7 13. 0-0-0 Ne5 14. h4 Ba6 15. b3 h5 16. Nfd5 Bb7 17. Bg5 f6 18. Be3 Kh7 19. Be2 f5 20. exf5 Rxf5 21. Bg5 Qd7 22. Rhe1 Bxd5 23. Nxd5 a5 24. Nxb6 Qa7 25. Nxa8 a4 26. b4 Qxa8 27. Kb1 Qb8 28. f4 Nxe2 29. fxe5 1/2-1/2

[Event "ZH-2022-0-01980"]
[Site "LSS email"]
[Date "2022.01.23"]
[Round "?"]
[White "Cirulis, Ilmars"]
[Black "Rasmussen, Bo"]
[Result "1/2-1/2"]
[WhiteElo "2290"]
[BlackElo "2141"]
[PlyCount "60"]
[EventDate "2022.01.19"]
[EventType "match (corr)"]
[EventRounds "2"]
[EventCountry "GER"]
[SourceTitle "Corr 2024"]
[Source "ChessBase"]
[SourceDate "2023.10.19"]
[SourceVersion "1"]
[SourceVersionDate "2023.10.19"]
[SourceQuality "1"]

1. d4 Nf6 2. Nf3 g6 3. c4 Bg7 4. Nc3 d6 5. e4 0-0 6. Be2 c5 7. 0-0 cxd4 8. Nxd4 Nc6 9. Be3 Nxd4 10. Bxd4 Bd7 11. Qd2 Bc6 12. f3 a5 13. b3 Nd7 14. Be3 Nc5 15. Rac1 Qb6 16. Nd5 Bxd5 17. cxd5 Qb4 18. Rfd1 Rfb8 19. Kf1 b5 20. Rc2 Na6 21. Rb1 Qxd2 22. Rxd2 h5 23. g3 Rc8 24. Bxb5 Rc3 25. Kf2 Nb4 26. Bg5 Kf8 27. Bf4 Rb8 28. Bf1 Rbc8 29. Be2 Nc2 30. Bd3 Nb4 1/2-1/2

[Event "OP-2022-0-05245"]
[Site "LSS email"]
[Date "2022.01.23"]
[Round "?"]
[White "Cruz Ramirez, Eliecer"]
[Black "Rasmussen, Bo"]
[Result "1/2-1/2"]
[WhiteElo "1815"]
[BlackElo "2141"]
[PlyCount "50"]
[EventDate "2022.01.16"]
[EventType "tourn (corr)"]
[EventRounds "4"]
[EventCountry "GER"]
[SourceTitle "Corr 2024"]
[Source "ChessBase"]
[SourceDate "2023.10.19"]
[SourceVersion "1"]
[SourceVersionDate "2023.10.19"]
[SourceQuality "1"]

1. e4 c5 2. c3 Nf6 3. e5 Nd5 4. Nf3 Nc6 5. d4 cxd4 6. cxd4 d6 7. Bc4 Nb6 8. Bb5 dxe5 9. Nxe5 Bd7 10. Bxc6 Bxc6 11. 0-0 g6 12. Nxc6 bxc6 13. Nc3 Bg7 14. Be3 0-0 15. Rc1 Nc4 16. b3 Nxe3 17. fxe3 Qa5 18. Ne4 e5 19. Rxc6 exd4 20. exd4 Rac8 21. Rxc8 Rxc8 22. Nd6 Rf8 23. Nc4 Qd5 24. Ne5 Rd8 25. Nf3 h5 1/2-1/2

[Event "OP-2022-0-05245"]
[Site "LSS email"]
[Date "2022.01.22"]
[Round "?"]
[White "Degn, Bruci"]
[Black "Rasmussen, Bo"]
[Result "1/2-1/2"]
[WhiteElo "2137"]
[BlackElo "2141"]
[PlyCount "39"]
[EventDate "2022.01.16"]
[EventType "tourn (corr)"]
[EventRounds "4"]
[EventCountry "GER"]
[SourceTitle "Corr 2024"]
[Source "ChessBase"]
[SourceDate "2023.10.19"]
[SourceVersion "1"]
[SourceVersionDate "2023.10.19"]
[SourceQuality "1"]

1. e4 c5 2. Nf3 d6 3. d4 cxd4 4. Nxd4 Nf6 5. Nc3 a6 6. Bc4 e6 7. Bb3 b5 8. 0-0 Be7 9. Qf3 Qb6 10. Be3 Qb7 11. Qg3 b4 12. Na4 Nbd7 13. f3 0-0 14. Kh1 Ne5 15. a3 bxa3 16. Rxa3 Nh5 17. Qh3 Nf6 18. Qg3 Nh5 19. Qh3 Nf6 20. Qg3 1/2-1/2

[Event "RA-2022-0-00704"]
[Site "LSS email"]
[Date "2022.01.22"]
[Round "?"]
[White "Pilgram, Kurt"]
[Black "Rasmussen, Bo"]
[Result "1/2-1/2"]
[WhiteElo "2169"]
[BlackElo "2141"]
[PlyCount "56"]
[EventDate "2022.01.04"]
[EventType "tourn (corr)"]
[EventRounds "6"]
[EventCountry "GER"]
[SourceTitle "Corr 2024"]
[Source "ChessBase"]
[SourceDate "2023.10.19"]
[SourceVersion "1"]
[SourceVersionDate "2023.10.19"]
[SourceQuality "1"]

1. Nf3 Nf6 2. d4 g6 3. c4 Bg7 4. Nc3 d6 5. e4 0-0 6. Be2 e5 7. 0-0 Na6 8. Re1 Bg4 9. Be3 exd4 10. Nxd4 Bxe2 11. Qxe2 Nc5 12. f3 c6 13. Rad1 Qc7 14. b3 Rfe8 15. Qd2 a6 16. Bh6 Bxh6 17. Qxh6 Ncd7 18. Nde2 b5 19. Qd2 b4 20. Na4 d5 21. cxd5 cxd5 22. exd5 Qd6 23. Nf4 Rxe1+ 24. Rxe1 Rc8 25. h4 h6 26. Kf1 a5 27. Rd1 Ne8 28. Kg1 Ne5 1/2-1/2

[Event "RA-2022-0-00704"]
[Site "LSS email"]
[Date "2022.01.20"]
[Round "?"]
[White "Farnik, Kym"]
[Black "Rasmussen, Bo"]
[Result "1/2-1/2"]
[WhiteElo "2150"]
[BlackElo "2141"]
[PlyCount "68"]
[EventDate "2022.01.04"]
[EventType "tourn (corr)"]
[EventRounds "6"]
[EventCountry "GER"]
[SourceTitle "Corr 2024"]
[Source "ChessBase"]
[SourceDate "2023.10.19"]
[SourceVersion "1"]
[SourceVersionDate "2023.10.19"]
[SourceQuality "1"]

1. Nf3 Nf6 2. g3 g6 3. Bg2 Bg7 4. c4 d6 5. d4 0-0 6. 0-0 c5 7. d5 b5 8. cxb5 a6 9. Nc3 axb5 10. Nxb5 Na6 11. Nc3 Bf5 12. Nh4 Bd7 13. Nf3 Qc7 14. h3 Rfb8 15. Re1 c4 16. a3 Nc5 17. Nd4 Ne8 18. Ra2 Ra5 19. Kh2 Nb3 20. Nc2 Nxc1 21. Qxc1 Qa7 22. e3 Nc7 23. Qd2 Na6 24. Bf1 Nc7 25. Bxc4 Rc5 26. b3 Rxb3 27. Bxb3 Bxc3 28. Qd1 Bxe1 29. Nxe1 Qa8 30. e4 Nb5 31. Qd3 Rc3 32. Qd1 Rc5 33. Qd3 Rc3 34. Qd1 Rc5 1/2-1/2

[Event "OP-2022-0-05242"]
[Site "LSS email"]
[Date "2022.01.12"]
[Round "?"]
[White "Baltar, Antoni"]
[Black "Rasmussen, Bo"]
[Result "1/2-1/2"]
[WhiteElo "1980"]
[BlackElo "2141"]
[PlyCount "54"]
[EventDate "2022.01.11"]
[EventType "tourn (corr)"]
[EventRounds "4"]
[EventCountry "GER"]
[SourceTitle "Corr 2024"]
[Source "ChessBase"]
[SourceDate "2023.10.19"]
[SourceVersion "1"]
[SourceVersionDate "2023.10.19"]
[SourceQuality "1"]

1. e4 c5 2. d4 cxd4 3. c3 dxc3 4. Nxc3 e6 5. Nf3 Nc6 6. Bc4 Bb4 7. 0-0 Nge7 8. Qc2 Ng6 9. Rd1 a6 10. Be3 0-0 11. Be2 b5 12. a4 bxa4 13. Nxa4 Rb8 14. Nc5 a5 15. Rac1 Qe7 16. Ne1 d6 17. Ncd3 Bb7 18. Qa4 Ra8 19. Nc2 Rfb8 20. Bf1 h6 21. f3 Qf6 22. Ncxb4 axb4 23. Qc2 Nge7 24. Ra1 Ba6 25. Nc5 b3 26. Qc1 dxc5 27. Rxa6 Rxa6 1/2-1/2

[Event "OP-2022-0-05236"]
[Site "LSS email"]
[Date "2022.01.02"]
[Round "?"]
[White "Salvetti, Alessio"]
[Black "Rasmussen, Bo"]
[Result "0-1"]
[WhiteElo "800"]
[BlackElo "2141"]
[PlyCount "54"]
[EventDate "2021.12.28"]
[EventType "tourn (corr)"]
[EventRounds "4"]
[EventCountry "GER"]
[SourceTitle "Corr 2024"]
[Source "ChessBase"]
[SourceDate "2023.10.19"]
[SourceVersion "1"]
[SourceVersionDate "2023.10.19"]
[SourceQuality "1"]

1. e4 c5 2. Nf3 d6 3. d4 cxd4 4. Nxd4 Nf6 5. Nc3 a6 6. Be3 e5 7. Nb3 Be6 8. f3 Be7 9. Qd2 0-0 10. 0-0-0 Nbd7 11. g4 b5 12. g5 Nh5 13. Kb1 Nb6 14. Na5 Rc8 15. Nd5 Nxd5 16. exd5 Bxd5 17. Qxd5 Qxa5 18. c4 Nf4 19. Bxf4 exf4 20. h4 Qa4 21. Rc1 Rfe8 22. Bd3 Rc5 23. Qe4 g6 24. h5 Re5 25. Qb7 bxc4 26. Bxc4 Rd8 27. hxg6 hxg6 0-1

[Event "OP-2021-0-05227"]
[Site "LSS email"]
[Date "2021.12.13"]
[Round "?"]
[White "Rasmussen, Bo"]
[Black "Cabrera, Claudio"]
[Result "1-0"]
[WhiteElo "2141"]
[BlackElo "1610"]
[PlyCount "93"]
[EventDate "2021.12.11"]
[EventType "tourn (corr)"]
[EventRounds "4"]
[EventCountry "GER"]
[SourceTitle "Corr 2024"]
[Source "ChessBase"]
[SourceDate "2023.10.19"]
[SourceVersion "1"]
[SourceVersionDate "2023.10.19"]
[SourceQuality "1"]

1. d4 Nf6 2. c4 g6 3. Nc3 d5 4. Bf4 Bg7 5. e3 c5 6. dxc5 Qa5 7. Rc1 0-0 8. cxd5 Qxc5 9. Nf3 Qb6 10. Be2 e6 11. e4 exd5 12. exd5 Rd8 13. 0-0 Bf5 14. Qd2 Nc6 15. Rfd1 Ne4 16. Qe1 Nxc3 17. bxc3 Na5 18. Be3 Qb2 19. c4 b6 20. Nd4 Bd7 21. c5 bxc5 22. Rxc5 Nb7 23. Rc2 Qa3 24. Rc7 Nd6 25. Nc6 Bxc6 26. dxc6 Bf8 27. Bf3 Nf5 28. Bg5 Rxd1 29. Qxd1 Be7 30. Bxe7 Nxe7 31. g3 h5 32. Kg2 Qc5 33. Qd7 Kf8 34. Rb7 Rc8 35. Rxa7 g5 36. Rb7 g4 37. Be4 Qe5 38. Bd3 Qe6 39. Qxe6 fxe6 40. c7 Kf7 41. Be4 Ke8 42. a4 Kd7 43. a5 Rxc7 44. Rxc7+ Kxc7 45. f4 gxf3+ 46. Bxf3 Kb8 47. Bxh5 1-0